Ectodermoses neurotropes (Record no. 91288)

MARC details
000 -LEADER
campo de control de longitud fija 00590nam a2200169 i 4500
001 - NÚMERO DE CONTROL
campo de control 91288
003 - IDENTIFICADOR DE NÚMERO DE CONTROL
campo de control ES-MaACL
005 - FECHA Y HORA DE LA ÚLTIMA TRANSACCIÓN
campo de control 20230906180702.0
007 - CAMPO FIJO DE DESCRIPCIÓN FÍSICA--INFORMACIÓN GENERAL
campo de control de longitud fija t|
008 - DATOS DE LONGITUD FIJA--INFORMACIÓN GENERAL
campo de control de longitud fija 050128s1922 fr ||||1| fre d
100 1# - ENTRADA PRINCIPAL--NOMBRE DE PERSONA
Nombre de persona Levaditi, C.
9 (RLIN) 71910
245 10 - MENCIÓN DEL TÍTULO
Título Ectodermoses neurotropes
Resto del título : poliomélite, encéphalite, herpés : etude clinique, epidemiologique, histo-pathologique et experimentale /
Mención de responsabilidad, etc. C. Levaditi ; préface de E. Roux.
260 ## - PUBLICACIÓN, DISTRIBUCIÓN, ETC.
Lugar de publicación, distribución, etc. París :
Nombre del editor, distribuidor, etc. [s.n.,
Fecha de publicación, distribución, etc. 1922] (
Lugar de fabricación/manufactura Laval :
Fabricante Imp. Barnéond)
300 ## - DESCRIPCIÓN FÍSICA
Extensión 269 p. ;
Dimensiones 25 cm.
700 1# - ENTRADA AGREGADA--NOMBRE PERSONAL
Nombre de persona Roux, E.
9 (RLIN) 100104
852 ## - LOCALIZACIÓN
Ubicación ES-MaACL
Número de control de estantería B-11353
Holdings
Estatus retirado Estado de pérdida Estado de daño No para préstamo Biblioteca de origen Biblioteca actual Ubicación en estantería Fecha de adquisición Fuente de adquisición Total de préstamos Signatura topográfica completa Código de barras Visto por última vez Precio de reemplazo Tipo de ítem Koha
        Biblioteca del Ateneo de Madrid Biblioteca del Ateneo de Madrid Sala Pardo Bazán 17/01/2008     B-11353 1095309 23/02/2023 23/02/2023 Libro impreso